MDQL
is popping MORE tags! Check the
thread
!
Quizzes
Events
Quiz Creation
Community
Videos
Private Events
Remove Ads
Sign In
Join for FREE
Feedback
Dark Mode
Quiz Categories
Sports
Geography
Music
Movies
Television
Just For Fun
Miscellaneous
History
Literature
Language
Science
Gaming
Entertainment
Religion
Holiday
For Kids
Quiz Lab
Recent
Popular Today
Quiz Kudos Today
Editor Picks
Curator Picks
Quizzes by...
Day
Popularity
Type
Ratings
Length
Year
Community
Subscriptions
Recent Discussions
Orange Saloon
Badges
Playlists
Quests
Create
Leaderboards
Showdown
Live 5
Trivia Bingo
Activity
Puzzle Library
Sporcle Events
Private Events
Virtual Trivia
Globe League
Become a Host
Pub Owners
SporcleCon
Opinionation
Our Games
Videos
Blog
Mobile Apps
Partnerships
Remove Ads and Go Orange
Feedback
Language
Vocabulary
Begins and Ends
Definition
Spanish
French
German
Italian
Chinese
Latin
Translation
Japanese
Language
Vocabulary
Begins and Ends
Definition
Spanish
French
German
Italian
Chinese
Latin
Translation
Japanese
Random Quiz
Search Sporcle
×
Quiz Lab
Quiz Lab
Language
Country
Type in answers that appear in a list
Type in answers that appear in a list
Classic
Best Score? Go Orange.
Foreign-Born Population: Italian Regions Stats
Can you name the 15 largest immigrant groups in each of Italy's regions?
By
tidal93341
5m
90 Questions
141 Plays
141 Plays
141 Plays
Comments
Comments
Give Quiz Kudos
Give Quiz Kudos
-
- Ratings
hide this ad
Replay
Link that replays current quiz
Next Quiz
Link to next quiz in quiz playlist
You Got
0%
They Got
Avg Score
76%
Avg Friend Score
Upgrade to see
Score Distribution
Jump to the score distribution portion of the page
Score
0/90
Timer
05:00
0
Plays Today
Italian Region
Country
% Correct
Central
Romania
93.6%
North-
East
Romania
93.6%
North-
West
Romania
93.6%
Sardinia
Romania
93.6%
Sardinia
UK
93.6%
Sicily
Romania
93.6%
South
Romania
93.6%
Sardinia
France
92.9%
Sardinia
Russia
91.4%
Central
China
90%
North-
East
China
90%
North-
West
China
90%
Sardinia
China
90%
Sicily
China
90%
South
China
90%
Central
Albania
89.3%
North-
East
Albania
89.3%
North-
West
Albania
89.3%
Sardinia
Albania
89.3%
Sicily
Albania
89.3%
South
Albania
89.3%
Central
India
88.6%
North-
East
India
88.6%
North-
West
India
88.6%
South
India
88.6%
Sardinia
Germany
87.9%
Central
Morocco
86.4%
North-
East
Serbia
86.4%
North-
East
Morocco
86.4%
North-
West
Morocco
86.4%
Italian Region
Country
% Correct
Sardinia
Morocco
86.4%
Sicily
Morocco
86.4%
South
Morocco
86.4%
Central
Poland
85.7%
Sardinia
Poland
85.7%
Sicily
Poland
85.7%
South
Poland
85.7%
North-
East
Pakistan
85%
North-
West
Pakistan
85%
Sardinia
Pakistan
85%
Sicily
Pakistan
85%
South
Pakistan
85%
North-
East
Tunisia
82.1%
Sicily
Tunisia
82.1%
South
Tunisia
82.1%
Central
Ukraine
81.4%
North-
East
Ukraine
81.4%
North-
West
Ukraine
81.4%
Sardinia
Ukraine
81.4%
South
Ukraine
81.4%
North-
West
Egypt
80.7%
Central
Nigeria
79.3%
North-
East
Nigeria
79.3%
Sardinia
Nigeria
79.3%
Sicily
Nigeria
79.3%
South
Nigeria
79.3%
South
Bulgaria
77.9%
Central
Bangladesh
72.9%
North-
East
Bangladesh
72.9%
North-
West
Bangladesh
72.9%
Italian Region
Country
% Correct
Sardinia
Bangladesh
72.9%
Sicily
Bangladesh
72.9%
South
Bangladesh
72.9%
Central
Philippines
68.6%
North-
East
Philippines
68.6%
North-
West
Philippines
68.6%
Sardinia
Philippines
68.6%
Sicily
Philippines
68.6%
South
Philippines
68.6%
Central
Senegal
63.6%
North-
West
Senegal
63.6%
Sardinia
Senegal
63.6%
Sicily
Senegal
63.6%
South
Senegal
63.6%
Central
Moldova
62.9%
North-
East
Moldova
62.9%
North-
West
Moldova
62.9%
North-
East
Ghana
59.3%
Sicily
Ghana
59.3%
Central
Sri Lanka
55%
North-
West
Sri Lanka
55%
Sicily
Sri Lanka
55%
South
Sri Lanka
55%
Central
Macedonia
54.3%
North-
East
Macedonia
54.3%
Central
Peru
46.4%
North-
West
Peru
46.4%
North-
West
Ecuador
37.9%
Sicily
Gambia
22.1%
Sicily
Mauritius
10.7%
Quiz Playlist
Details
Report
Send in Message
Add To Playlist
Classic:
Type in answers that appear in a list
Quiz Source
Last Updated: Dec 16, 2017
Quiz Scoreboard
CHALLENGE
Sign Up to Join the Scoreboard
Show All
Scores
Hide
Comments
May contain spoilers
Recently Published
1-10 Letter E Words III
by El_Dandy
Language
2m
Street Fighter Characters
by Artimus82
Gaming
60s
College Basketball Coaching Resumes
by pancakes188
Sports
9m
More to Explore
Quiz From the Vault
Featured Blog Post
Where Did the Easter Bunny Come From?
hide this ad
You Might Also Like...
Tags
Country Quiz
destination
diaspora
foreign
Foreign Born
immigrant
immigrate
immigration
Italy
Largest Immigrant
Today's Top Quizzes in Language
Browse Language
hide this ad
Today's Top Quizzes in Country
Browse Country
Top Contributed Quizzes in Language
1
1-10 Letter F Words III
2
1-10 Letter G Words III
3
1-10 Letter H Words III
4
Celtic Nations in their Language
5
Alphabetize! : 'As' words
6
1-10 Letter I Words III
7
One Thing in Common: Italy
8
1-10 Letter J Words III
9
Order Up: Top 10 Most Native Spoken Languages
10
Weisst du, aus welchen Sprachen diese Wörter stammen?
Explore More
Trending Topics
Harry Potter
NBA
Disney
Kpop
Marvel
Anime
Crossword
Country
WWE
Soccer
Pokémon
Puzzle
Song
NFL
The Office
hide this ad
More By:
tidal93341
Quiz
Plays
Rating
Category
Featured
Created
UK Immigrant Origin Countries by Continent
40,994
4.58
Geography
Nov 8, 2015
Anything but Vietnam
39,545
4.66
Geography
Aug 14, 2015
Foreign-Born Population: Malta
31,759
4.52
Geography
Mar 13, 2017
Second Largest Religion by Country
18,849
4.38
Religion
Feb 6, 2015
British Diaspora
7,412
4.67
Geography
Oct 7, 2015
Go to Creator's Profile
Score Distribution
Quiz Creator Spotlight
tidal93341
Follow
Send a Message
Quizzes Created
-
Created Quiz Play Count
-
More By This Creator
Popular Quizzes Today
1
Find the US States - No Outlines Minefield
2
Find the Countries of Europe - No Outlines Minefield
3
The Countries of the World
4
Find the US States
5
Risky Map Clicking: Biggest States A-Z
6
US States
7
Popular People in 1961
8
Movies - When Are They Set?
More Language Quizzes
Green Day in French
Published
Trending Quizzes
Risky Map Clicking: Least Populous States A-Z
USA Borders Longest to Shortest
1-10 Letter G Words
1-10 Letter F Words
Countries of the World: 200 Million BC
Recently Updated
Leaping Animals
pecheneg
Reality TV Shows (A-Z)
bhenderson79
Rickey Henderson's Hall of Fame Teammates
pecheneg
Champions League XIs: Arsenal
pecheneg
Quick Pick: Celebrities in WWE's Hall of Fame
aduchscher
A-Z Keypad Blitz II
pecheneg
Multiple Oscar Actors
pecheneg
Mystery Phrase Blitz: Oscar 'Best Actors'
pecheneg
F. Scott Fitzgerald Novels
LTH
Pick 3 Villains
ddd62291
Trending Topics
Anime
Crossword
NBA
Marvel
Disney
Kpop
Harry Potter
NFL
WWE
Soccer
Pokémon
Puzzle
Country
The Office
Song
Your Account Isn't Verified!
In order to create a playlist on Sporcle, you need to verify the email address you used during registration. Go to your
Sporcle Settings
to finish the process.
Report this User
Report this user for behavior that violates our
Community Guidelines
.
Details:
Send Report
Go to the Sporcle.com Mobile Site →
Comments